<?xml version="1.0" encoding="UTF-8"?>
<record
    xmlns:xsi="http://www.w3.org/2001/XMLSchema-instance"
    xsi:schemaLocation="http://www.loc.gov/MARC21/slim http://www.loc.gov/standards/marcxml/schema/MARC21slim.xsd"
    xmlns="http://www.loc.gov/MARC21/slim">

  <leader>02569nam a2200289Ia 4500</leader>
  <controlfield tag="003">OSt</controlfield>
  <controlfield tag="005">20210908155437.0</controlfield>
  <controlfield tag="008">210310s2009    ck ad  fr     000 0dspa d</controlfield>
  <datafield tag="020" ind1=" " ind2=" ">
    <subfield code="a">9789587250121</subfield>
  </datafield>
  <datafield tag="040" ind1=" " ind2=" ">
    <subfield code="a">CO-JMCR</subfield>
    <subfield code="c">CO-JMCR</subfield>
  </datafield>
  <datafield tag="041" ind1="0" ind2=" ">
    <subfield code="a">spa</subfield>
  </datafield>
  <datafield tag="082" ind1="0" ind2="4">
    <subfield code="a">339.3861 /</subfield>
    <subfield code="b">K147c</subfield>
    <subfield code="2">23</subfield>
  </datafield>
  <datafield tag="100" ind1="1" ind2=" ">
    <subfield code="a">Kalmanovitz, Salom&#xF3;n, </subfield>
    <subfield code="9">17537</subfield>
    <subfield code="e">autor</subfield>
  </datafield>
  <datafield tag="245" ind1="1" ind2="4">
    <subfield code="a">Las cuentas nacionales de Colombia en el siglo XlX / </subfield>
    <subfield code="c">Salom&#xF3;n Kalmanovitz, Edwin L&#xF3;pez Rivera</subfield>
  </datafield>
  <datafield tag="250" ind1=" " ind2=" ">
    <subfield code="a">Primera edici&#xF3;n</subfield>
  </datafield>
  <datafield tag="260" ind1=" " ind2=" ">
    <subfield code="a">Bogot&#xE1; : </subfield>
    <subfield code="b">Universidad Jorge Tadeo Lozano, </subfield>
    <subfield code="c">2009</subfield>
  </datafield>
  <datafield tag="300" ind1=" " ind2=" ">
    <subfield code="a">99 p&#xE1;ginas : </subfield>
    <subfield code="b">ilustraciones y gr&#xE1;ficas a blanco y negro ; </subfield>
    <subfield code="c">21 cm.</subfield>
  </datafield>
  <datafield tag="500" ind1=" " ind2=" ">
    <subfield code="a">Incluye notas a pie de p&#xE1;gina y datos biogr&#xE1;ficos del autor.</subfield>
  </datafield>
  <datafield tag="504" ind1=" " ind2=" ">
    <subfield code="a">Bibliograf&#xED;a: p&#xE1;ginas 85-94</subfield>
  </datafield>
  <datafield tag="505" ind1="0" ind2=" ">
    <subfield code="a">C&#xE1;lculos del producto y el ingreso de la poblaci&#xF3;n en el siglo XIX -- De la Colonia a la Rep&#xFA;blica: las consecuencias econ&#xF3;micas de la Independencia -- Las reformas fiscales -- El producto agregado, el sector externo y la producci&#xF3;n agropecuaria --  Salarios, precios e ingreso per c&#xE1;pita</subfield>
  </datafield>
  <datafield tag="520" ind1="3" ind2=" ">
    <subfield code="a">En este ensayo se presenta una estimaci&#xF3;n del valor de la producci&#xF3;n agregada de la actual Rep&#xFA;blica de Colombia con base en algunas series de estad&#xED;sticas durante el siglo xix. El comportamiento econ&#xF3;mico que expresa la serie es bastante pobre. El PIB per c&#xE1;pita incluso decrece hasta mediados de siglo, en comparaci&#xF3;n con el crecimiento econ&#xF3;mico m&#xE1;s fuer te de la segunda mitad del siglo XVIII. A partir de la d&#xE9;cada de 1850, el ingreso per c&#xE1;pita se recupera hasta 1885 cuando de nuevo decrece hasta principios del siglo xx. Este resultado se corrobora con la evoluci&#xF3;n de la miner&#xED;a que fuera sector l&#xED;der durante la colonia y se estanca en el siglo xix y con la participaci&#xF3;n de las exportaciones en el producto. Por otra parte, la participaci&#xF3;n del gobierno en el PIB disminuye a lo largo del siglo de manera importante hasta 1870, a&#xF1;o despu&#xE9;s del cual la participaci&#xF3;n del Estado se recupera. El Estado demasiado peque&#xF1;o puede explicar en algo la p&#xE9;rdida de la ley y el or den durante el siglo. Pese a esto, se implantaron algunas de las bases del crecimiento econ&#xF3;mico y la modernizaci&#xF3;n de la econom&#xED;a colombiana, que se vendr&#xED;a a dar en las primeras tres d&#xE9;cadas del siglo xx.</subfield>
  </datafield>
  <datafield tag="650" ind1="1" ind2="4">
    <subfield code="a">Rentas nacionales</subfield>
    <subfield code="9">17539</subfield>
    <subfield code="x">Contabilidad</subfield>
    <subfield code="y">Siglo XIX</subfield>
    <subfield code="z">Colombia</subfield>
  </datafield>
  <datafield tag="650" ind1="2" ind2="4">
    <subfield code="a">Crecimiento econ&#xF3;mico</subfield>
    <subfield code="y">Siglo XIX</subfield>
    <subfield code="z">Colombia</subfield>
    <subfield code="9">40178</subfield>
  </datafield>
  <datafield tag="650" ind1="2" ind2="4">
    <subfield code="a">Globalizaci&#xF3;n</subfield>
    <subfield code="y">Siglo XIX</subfield>
    <subfield code="z">Colombia</subfield>
    <subfield code="9">40179</subfield>
  </datafield>
  <datafield tag="700" ind1="1" ind2=" ">
    <subfield code="a">L&#xF3;pez Rivera, Edwin, </subfield>
    <subfield code="e">autor</subfield>
    <subfield code="9">7466</subfield>
  </datafield>
  <datafield tag="942" ind1=" " ind2=" ">
    <subfield code="2">ddc</subfield>
    <subfield code="c">BK</subfield>
  </datafield>
  <datafield tag="999" ind1=" " ind2=" ">
    <subfield code="c">8529</subfield>
    <subfield code="d">8529</subfield>
  </datafield>
  <datafield tag="952" ind1=" " ind2=" ">
    <subfield code="0">0</subfield>
    <subfield code="1">0</subfield>
    <subfield code="2">ddc</subfield>
    <subfield code="4">0</subfield>
    <subfield code="7">0</subfield>
    <subfield code="8">NFIC</subfield>
    <subfield code="a">CPL</subfield>
    <subfield code="b">CPL</subfield>
    <subfield code="d">2018-04-15</subfield>
    <subfield code="e">Donaci&#xF3;n</subfield>
    <subfield code="o">339.3861 / K147c</subfield>
    <subfield code="p">430006229</subfield>
    <subfield code="r">2024-05-16 00:00:00</subfield>
    <subfield code="t">Ej.1</subfield>
    <subfield code="y">BK</subfield>
  </datafield>
</record>
